Отчет на Държавната земеделска опитна и контролна станция в Образцов чифлик за 1927-1930 година (Запис номер 167435)
[ съкратено ]
| 000 -Лидер | |
|---|---|
| Контролно поле с фиксирана дължина | 02439nam a2200397 a 4500 |
| 003 - Код на организацията, давaща контролен номер | |
| Контролно поле | BLK |
| 005 - Дата и час на последна редакция | |
| Контролно поле | 20250122140011.0 |
| 008 - Елементи от данни с фиксирана дължина | |
| fixed length control field | 180411b bul|||||r ||||||| ||bul|| |
| 010 ## - Наследен системен номер | |
| LC control number | KNG00175243000 |
| 040 ## - Източник на каталожния запис | |
| Идентификатор на билиотеката - собственик на записа | BLK |
| 041 ## - Код за език | |
| Код за езика на текст/звукозапис или на отделно заглавие | Български |
| Код за езика КДБФ | Български |
| 072 #7 - Код за тематичната категория | |
| Код организация | bullib |
| Код за тематична категория | К |
| Текст | Краезнание |
| 080 ## - УДК | |
| Текстов определител УДК | Селско стопанство. Горско стопанство. Лов. Рибно стопанство |
| УДК код - определител по УДК | 63 |
| УДК определител | :061.6(497.215) |
| УДК - код + определител | 63:061.6(497.215) |
| 110 1# - Редна дума - колетивен орган | |
| Редна дума - наименование на организация или юридическо лице | Земеделска опитна станция. Русе, кв. Образцов чифлик |
| 9 (RLIN) | 2363 |
| 139 ## - Редно поле | |
| Редна дума | Земеделска опитна станция. Русе, кв. Образцов чифлик |
| Авторски знак | Зем - З 54 |
| 245 10 - Сведения за заглавието | |
| Заглавие | Отчет на Държавната земеделска опитна и контролна станция в Образцов чифлик за 1927-1930 година |
| 257 ## - Страна на издаване | |
| Страна на създаване/издаване | България |
| 260 ## - Област на издателските данни | |
| Име на издателя, разпространителя и проч. | Държ. земед. опитна и контролна станция |
| Година на издаване | 1933 |
| Печатница | София : Държ. печ. |
| 300 ## - Физическа характеристика | |
| Страници | 362 с. |
| Илюстрации и др. | с ил, 1 прегънат л.: цв. табл. |
| Размери/Мащаб | 24 см |
| 380 ## - Жанр | |
| Жанр | Селско стопанство |
| 500 ## - Общи забележки | |
| Забележка | Изд. на М-вото на земеделието и държ. имоти. - Съдържа: Предговор от Гаврил Пройчов, с. 3-4. ; Публ. на персонала, с. 31-35 ; Сравн. табл. за добивите от култури за периода 1921-1928, с. 146-157, 162-167 ; Съдов опит за установяване торопотребността на почвата в Мартенската низина от Гаврил Пройчов, Васил Пеев, Мито Марков, с. 181-210 ; Рез. на фр. ез., с. 211-213 ; Табл. [списък] на лицата и орг., с които станцията е работила през отчетния период, с. 233-266, 288-289, 293. |
| 650 #4 - Допълнително описание по предмет – тема | |
| Основно описание – тема или топоним | Институти, селскостопански - България |
| 9 (RLIN) | 303361 |
| 651 #4 - Допълнително описание по предмет - топоним | |
| Географско понятие | Образцов чифлик |
| 9 (RLIN) | 179295 |
| 653 ## - Ключова дума – ненормативна | |
| Ключова дума | Образцов чифлик |
| 653 ## - Ключова дума – ненормативна | |
| Ключова дума | отчети |
| 659 ## - Тематичен бюлетин | |
| Тематичен бюлетин | К |
| 852 ## - Местоположение | |
| Форматна сигнатура | Цб 29504 |
| 852 ## - Местоположение | |
| Форматна сигнатура | К 63/3-54 |
| 852 ## - Местоположение | |
| Форматна сигнатура | Цб 6.250.30527 |
| Фондова буква | Основен фонд - ползва се само за читалня |
| 999 ## - СИСТЕМНИ КОНТРОЛНИ НОМЕРА | |
| Koha biblionumber | 167435 |
| Koha biblioitemnumber | 167435 |
| 942 ## - АРТИКУЛИ | |
| Вид на библиотечния материал | Книги |
| Скрит в OPAC | Не |
| Периодичен библиозапис | Да |
| Koha issues (borrowed), all copies | 1 |
| 944 ## - СЪЗДАВАНЕ И РЕДАКЦИЯ на ЗАПИСА | |
| Създаване/Редакция | Създаване |
| Дата на регистрацията/редакция | 14.05.2015 |
| Служител, извършил регистрацията/редакцията | 30558 |
| Статус, дата на статуса | Валя Йорданова |
| 944 ## - СЪЗДАВАНЕ И РЕДАКЦИЯ на ЗАПИСА | |
| Създаване/Редакция | Редакция |
| Дата на регистрацията/редакция | 2021-06-02 |
| Служител, извършил регистрацията/редакцията | Кети |
| 999 ## - СИСТЕМНИ КОНТРОЛНИ НОМЕРА | |
| Koha biblioitemnumber | 167435 |
| 999 ## - СИСТЕМНИ КОНТРОЛНИ НОМЕРА | |
| Koha biblioitemnumber | 167435 |
| 999 ## - СИСТЕМНИ КОНТРОЛНИ НОМЕРА | |
| Koha biblioitemnumber | 167435 |
| Код за отписване | Код за изгубен артикул | Източник на класификационната схема | Код за повреда | Коз за рестрикции | Код за отдаване | Артикулен № | Име на библиотеката - собственик | Име на библиотеката, в която се намира в момента | Статус (Текущо местоположение) | Дата на вписване в системата | Местоположение - отдел | Цена в лева | Инвентарен номер | Систематично азбучна сигнатура | Баркод | Номер на екземпляра | Цена в евро | Служебна бележка | Служебен тип на артикула |
|---|---|---|---|---|---|---|---|---|---|---|---|---|---|---|---|---|---|---|---|
| Не е изгубен | Universal Decimal Classification | Не е повреден | без рестрикции | ползва се в читалня | 282052 | Регионална библиотека "Любен Каравелов" Русе | Регионална библиотека "Любен Каравелов" Русе | Краезнание | 1933-01-01 | Краезнание | 0.70 | 3450/64 | К 63/3-54 | 900000003281 | 1 | 0.36 | N: Сф Дата: 01.01.1933 Дата инв: 10.11.2017 Бележки инв: К2017 | Книги | |
| Не е изгубен | Universal Decimal Classification | Не е повреден | само за читалня | ползва се в читалня | 834649 | Регионална библиотека "Любен Каравелов" Русе | Регионална библиотека "Любен Каравелов" Русе | Хранилище | 2021-06-03 | Основен фонд - ползва се само за читалня | 0.56 | 30527 | Цб 6.250.30527 | 900000063067 | 0.29 | Книги |